| 000 | 02077nam0a2200385 i 4500 | ||
|---|---|---|---|
| 001 | RU\NLR\bibl\1884008 | ||
| 005 | 20260408071355.0 | ||
| 010 |
_a9785928207472 _9500 |
||
| 021 |
_aRU _b2012-15361 _91154 |
||
| 035 | _a(nilc)RSL-KNO-005402340 | ||
| 035 | _a(NLR Aleph) 001873753 | ||
| 090 |
_a2696718 _c2696718 |
||
| 100 | _a20120312d2012 u y0rusy50 ca | ||
| 101 | 0 | _arus | |
| 102 | _aRU | ||
| 105 | _aa ||||||||| | ||
| 200 | 1 |
_aСтруктура и свойства дисперсно-наполненных композитных материалов _f[А.Н. Бобрышев, А.В. Лахно, Р.В. Козомазов, А.А. Бобрышев и др.] _gМ-во образования и науки Российской Федерации, Федеральное гос. бюджетное образовательное учреждение высш. проф. образования "Пензенский гос. ун-т архитектуры и стр-ва" |
|
| 210 |
_aПенза _cИзд-во ПГУАС _d2012 |
||
| 215 |
_a159, [1] с. _cил. _d21 |
||
| 300 | _aАвт. указаны на обл. | ||
| 320 | _aБиблиогр.: с. 158-159 | ||
| 606 | 1 |
_aКомпозиционные материалы полимерные _xНаполнители дисперсные _92128848 _3RU\NLR\auth\661588525 |
|
| 686 |
_aЛ719.2-1,0 _2rubbk |
||
| 686 | _aЛ719.2 | ||
| 701 | 1 |
_aБобрышев _bА. Н. _gАнатолий Николаевич _4070 |
|
| 701 | 1 |
_aЛахно _bА. В. _gАлександр Викторович _4070 |
|
| 701 | 1 |
_aКозомазов _bР. М. _gРоман Владимирович _4070 |
|
| 701 | 1 |
_aБобрышев _bА. А. _gАлександр Анатольевич _4070 |
|
| 712 | 0 | 2 |
_4570 _aПензенский государственный университет архитектуры и строительства _3RU\NLR\AUTH\8810050415 _9600974 |
| 801 | 0 |
_aRU _bRuMoRKP _c20120312 _grcr |
|
| 801 | 1 |
_aRU _bРГБ _c20120312 |
|
| 801 | 2 |
_aRU _bNLR _c20120326 _grcr |
|
| 942 | _cBOOK | ||
| 980 | _aNBR | ||